00291nam a2200133Ia 45000030006000000080041000060400015000471000021000622450020000832500016001032600009001195460012001280050017001400STCL150530s9999 xx 000 0 und d aSTCLcSTCL aChesterton, G.K. aCharles Dickens aTwentyfifth c1925 aEnglish20220125170902.0